000 00600nam a2200217Ii 4500
003 JO-AjNU
008 230606s9999||||xx |||||||||||||| ||und||
020 _a978-81-317-2049-3
040 _aJO-AjNU
_beng
_erda
_cJO-AjNU
041 _aeng
050 1 4 _aQ335.2008
100 3 _aNegnevitsky,Michael,
_eauthor
_9321
245 0 0 _aArtificial Intellignce
250 _a2 ed
264 3 1 _aPerson:chennai.2008
300 _a432p
_bIncludes index.
336 _atext
_btxt
_2rdacontent
337 _aunmediated
_bn
_2rdamedia
338 _avolume
_bnc
_2rdacarrier
650 4 _aArtificial Intellignce
_9322
999 _aE169
_c169
_d169